MAASAI MARA UNIVERSITY

LIBRARY CATALOGUE

Contact Us: +254 020 2685356/7 or 0774 057787

Box: 861-20500, NAROK, KENYA

Email: info@mmarau.ac.ke

Workbook 4 Focus on Grammar: (Record no. 28321)

MARC details
000 -LEADER
fixed length control field nam a22 7a 4500
003 - CONTROL NUMBER IDENTIFIER
control field OSt
005 - DATE AND TIME OF LATEST TRANSACTION
control field 20170519123132.0
008 - FIXED-LENGTH DATA ELEMENTS--GENERAL INFORMATION
fixed length control field 170519b xxu||||| |||| 00| 0 eng d
020 ## - INTERNATIONAL STANDARD BOOK NUMBER
International Standard Book Number 0131912356
040 ## - CATALOGING SOURCE
Original cataloging agency MMU
Language of cataloging eng
Transcribing agency MMU
Modifying agency MMU
050 ## - LIBRARY OF CONGRESS CALL NUMBER
Classification number PE 1128 .F834 2006
100 ## - MAIN ENTRY--PERSONAL NAME
Personal name Fuchs Marjorie
245 ## - TITLE STATEMENT
Title Workbook 4 Focus on Grammar:
Remainder of title An integrated skills approach/
Statement of responsibility, etc. Marjorie Fuchs.
250 ## - EDITION STATEMENT
Edition statement 3rd ed.
260 ## - PUBLICATION, DISTRIBUTION, ETC. (IMPRINT)
Place of publication, distribution, etc. New York:
Name of publisher, distributor, etc. Pearson;
Date of publication, distribution, etc. 2006.
300 ## - PHYSICAL DESCRIPTION
Extent v.146p.;
650 ## - SUBJECT ADDED ENTRY--TOPICAL TERM
Topical term or geographic name as entry element Focus on Grammar
700 ## - ADDED ENTRY--PERSONAL NAME
Personal name Margaret Bonner
942 ## - ADDED ENTRY ELEMENTS (KOHA)
Source of classification or shelving scheme Library of Congress Classification
Koha item type L
Edition 3rd ed.
Holdings
Withdrawn status Lost status Source of classification or shelving scheme Damaged status Not for loan Home library Current library Date acquired Source of acquisition Total Checkouts Full call number Barcode Date last seen Date last checked out Price effective from Koha item type
    Library of Congress Classification     Maasai Mara University Library -Main Campus Maasai Mara University Library -Main Campus 05/19/2017 Donation -T4C 1 PE 1128 .F834 2006 17033795 03/01/2023 02/14/2023 05/19/2017 L
© 2016 Maasai Mara University.